Las implicancias civiles de la ley No 19.221 que establece la mayoría de edad a los 18 años
Gorde:
| Egile nagusia: | |
|---|---|
| Formatua: | Liburua |
| Hizkuntza: | gaztelania |
| Argitaratua: |
Santiago
Colegio de Abogados de Chile
1993
|
| Gaiak: | |
| Etiketak: |
Etiketa erantsi
Etiketarik gabe, Izan zaitez lehena erregistro honi etiketa jartzen!
|
MARC
| LEADER | 00000nam a2200000 a 4500 | ||
|---|---|---|---|
| 001 | UCS5273 | ||
| 003 | CL-VaPUC | ||
| 008 | 970830e19930000CL |||||||||||||||||spa|d | ||
| 082 | 0 | 4 | |a 346.013 |b PEÑ |2 21 |
| 100 | |a Peña González, Carlos |e autor |9 484046 | ||
| 245 | 1 | 4 | |a Las implicancias civiles de la ley No 19.221 que establece la mayoría de edad a los 18 años |
| 300 | |a 16 p | ||
| 942 | |c BK | ||
| 945 | |d 19970830 00:00:00 |a jquezada | ||
| 260 | |a Santiago |b Colegio de Abogados de Chile |c 1993 | ||
| 650 | 0 | |a Derecho privado |9 258243 | |
| 650 | 0 | |a Derecho civil |9 255013 | |
| 650 | 0 | |a Actos jurídicos |9 255748 | |
| 583 | |a last modification |c 20130328 13:31:43 |k Rodrigo Vera | ||
| 999 | |c 261876 |d 261874 | ||
| 952 | |0 0 |1 0 |2 ddc |4 0 |6 346_013000000000000_PEÑ_1993 |7 0 |9 289781 |a BIBDER |b BIBDER |d 2019-11-19 |i 3337448 |o 346.013 PEÑ 1993 |p 3337448 |r 2023-01-25 |w 2019-11-19 |y MX |k DER | ||